000 00305nam a2200145Ia 4500
100 _aSunderraman/ Rajsehkar
942 _cBK
654 _acomputer
245 _aOracle 8 Programming
260 _bPearson Edu
_c2000
082 _a005.133'O'
_bSUN
300 _a334
546 _aENGLISH
999 _c21472
_d21472